Statistics for Top 25 Baby Girls Names In The UK 2018

Click here to take the quiz!

General Stats

  • This quiz has been taken 299 times
  • The average score is 15 of 25

Answer Stats

HintAnswer% Correct
1Olivia
87%
6Emily
82%
5Ava
80%
3Amelia
76%
4Lily
76%
15Charlotte
74%
2Sophia
74%
9Mia
72%
7Ella
71%
12Isabella
70%
14Sophie
68%
11Grace
67%
16Evie
65%
8Isla
65%
22Chloe
61%
25Eva
61%
17Poppy
57%
23Freya
49%
21Daisy
46%
13Isabelle
45%
20Alice
43%
18Ivy
39%
24Sienna
35%
19Elsie
33%
10Aria
23%

Score Distribution

Percentile by Number Answered

Percent of People with Each Score

Your Score History

You have not taken this quiz